| 000 | 00433nam a2200157Ia 4500 | ||
|---|---|---|---|
| 008 | 160316s1999 xxu||||| |||| 00| 0 eng d | ||
| 082 |
_a362.704400 _bNAT |
||
| 100 | _a | ||
| 245 | _aChild abuse and neglect state statutes elements | ||
| 250 | _a | ||
| 260 |
_aAlexandria _bNational Center for Prosecution of Child Abuse _c1999 |
||
| 300 |
_a46 _b _c |
||
| 365 | _b | ||
| 650 | _a1. child abuse 2. child pornography | ||
| 700 |
_a _a |
||
| 999 |
_c35097 _d35097 |
||